LEADER 01693nam a2200289 i 4500 001 000000082177 003 CaOOAMICUS 005 20030626000000.0 008 030626s1967 it u000 u ita u 013 $a54417 040 $aSeMil$bita 100 1 $aMasson, Joseph .$0(OLS)http://semarc/name/90479 245 12$aL'attività missionaria della Chiesa :$bgenesi storico-dottrinale del Decreto. Testo latino e traduzione italiana. Esposizione e commento del Decreto "Ad Gentes Divinitus", del Motu Proprio "Ecclesiae Sanctae" della C. A."Regimini Ecclesiae Universae /$cJ. Masson ; con un testo finale di S. E. il Card. Suenens. 250 $a2. Edizione. 260 $aTorino-Leumann :$bElle Di Ci,$c1967. 300 $a619 p. ;$c22 cm. 490 0 $aMagistero conciliare ;$v13 500 $aContiene : Appendici. 650 4$aChiesa - Missionarietà.$0(OLS)http://semarc/subject/3429 650 4$aConcilio Vaticano II <1962-1965>.$0(OLS)http://semarc/subject/283 700 1 $aSuenens, Léon-Joseph,$c.$0(OLS)http://semarc/name/16548 830 0$aMagistero conciliare ;$v13.$0(OLS)http://semarc/title/6646 850 $aSeMil 852 $aSeMil$W1$xVenegono$y1$m2A I 161/A$j47261$B47261$CSeMilBibl$Z2$F49776 $81 961 $aRecupero: Seminario di Seveso 996 $6245$aL'attività missionaria della Chiesa :$bgenesi storico-dottrinale del Decreto. Testo latino e traduzione italiana. Esposizione e commento del Decreto "Ad Gentes Divinitus", del Motu Proprio "Ecclesiae Sanctae" della C. A."Regimini Ecclesiae Universae$9(OLS)http://semarc/title/404981 996 $6260$aTorino-Leumann :$bElle Di Ci$9(OLS)http://semarc/publisher/30113 LEADER 00986nam a2200229 i 4500 001 000000343548 003 CaOOAMICUS 005 20201231142701.0 008 201231s2020 it u000 u ita u 013 $a177357 040 $aSeMil$bita 100 1 $aPanikkar, Raimon,$d<1918-2010>.$0(OLS)http://semarc/name/777 245 10$a11: Secolarità /$cRaimon Panikkar ; a cura di Milena Carrara Pavan. 264 1$aMilano :$bJaca Book,$c2020- 300 $av. ;$c24 cm. 650 4$aSecolarità.$0(OLS)http://semarc/subject/49815 700 1 $aCarrara Pavan, Milena.$0(OLS)http://semarc/name/6287 773 0 $aPanikkar, Raimon <1918-2010>$tOpera omnia.$dMilano : Jaca Book, 2008.$g11$w()17743 774 0 $aPanikkar, Raimon <1918-2010>$t1: Secolarità sacra.$dMilano : Jaca Book, 2020-$z978-88-16-41747-2$w()343549 996 $6245$a11: Secolarità$9(OLS)http://semarc/title/432547 996 $6264$aMilano :$bJaca Book$9(OLS)http://semarc/publisher/29781